| 000 | 00921nam a2200337 a 4500 | ||
|---|---|---|---|
| 003 | AR-BaBNM | ||
| 005 | 20251128203354.0 | ||
| 008 | 082120s2002 ||||||||||||||000 | spa|| | ||
| 020 | _a84-292-8717-5 | ||
| 040 | _cAR-BaBNM | ||
| 100 | 1 | _aRodríguez Adrados, Francisco | |
| 245 | 0 | 0 | _aOrígenes de la lírica griega |
| 260 |
_aMadrid _bRevista de Occidente _c1976 |
||
| 300 | _a286 p. | ||
| 490 | 0 |
_aBiblioteca de la revista de occidente _vv. 17 |
|
| 500 | _aContiene índice de fuentes antiguas en p. 279 | ||
| 500 | _aIndice de autores modernos en p. 285 | ||
| 650 | 4 | _aHISTORIA LITERARIA | |
| 650 | 4 | _aCRITICA LITERARIA | |
| 650 | 4 | _aLITERATURA GRIEGA | |
| 650 | 4 | _aTRADICION ORAL | |
| 650 | 4 | _aLITERATURA FOLKLORICA | |
| 650 | 4 | _aMUSICA | |
| 650 | 4 | _aPOESIA | |
| 650 | 4 | _aMITOLOGIA | |
| 650 | 4 | _aARTE RELIGIOSO | |
| 653 | _aEPICA | ||
| 655 | _aLITERATURA | ||
| 942 | _cBK | ||
| 998 | _cMARTIN | ||
| 999 |
_c3084 _d3084 |
||